| 000 | 00545nam a2200181 i 4500 | ||
|---|---|---|---|
| 001 | 39695 | ||
| 003 | ES-MaACL | ||
| 005 | 20240301063048.0 | ||
| 007 | t| | ||
| 008 | 030304q1918 sp ||||1| spa d | ||
| 080 | _a821.134.2-96"19" | ||
| 100 | 1 |
_aCansinos Asséns, Rafael, _d1882-1964 _934616 |
|
| 245 | 1 | 3 |
_aEl divino fracaso / _cRafael Cansinos Assens. |
| 260 |
_aMadrid : _bBiblioteca Nueva, _cca. 1918] ( _fS.L. de Artes Gráficas) |
||
| 300 |
_a262 p. ; _c19 cm. |
||
| 852 | 4 |
_aES-MaACL _jF-10961 |
|
| 999 |
_c39695 _d39695 |
||